Great operatic disasters (Record no. 141327)
[ view plain ]
| 000 -LEADER | |
|---|---|
| fixed length control field | nam a22 7a 4500 |
| 005 - DATE AND TIME OF LATEST TRANSACTION | |
| control field | 20180712110756.0 |
| 008 - FIXED-LENGTH DATA ELEMENTS--GENERAL INFORMATION | |
| fixed length control field | 180605b nyu||||| |||| 00| 0 eng d |
| 020 ## - INTERNATIONAL STANDARD BOOK NUMBER | |
| International Standard Book Number | 0312346336 |
| 050 04 - LIBRARY OF CONGRESS CALL NUMBER | |
| Classification number | ML1700 |
| Item number | V53 1979 |
| 100 1# - MAIN ENTRY--PERSONAL NAME | |
| Personal name | Vicker, Hugh |
| 245 10 - TITLE STATEMENT | |
| Title | Great operatic disasters |
| Remainder of title | / Hugh Vickers ; illustrated by Michael Ffolkes ; with an introduction by Peter Ustinov. |
| 250 ## - EDITION STATEMENT | |
| Edition statement | 1a ed. |
| 260 ## - PUBLICATION, DISTRIBUTION, ETC. (IMPRINT) | |
| Place of publication, distribution, etc | New York : |
| Name of publisher, distributor, etc | St. Martin´s Press Inc., |
| Date of publication, distribution, etc | 1979 |
| 300 ## - PHYSICAL DESCRIPTION | |
| Extent | 80 p. : |
| Other physical details | il. ; |
| Dimensions | 20 cm. |
| 504 ## - BIBLIOGRAPHY, ETC. NOTE | |
| Bibliography, etc | Incluye índice |
| 650 #7 - SUBJECT ADDED ENTRY--TOPICAL TERM | |
| Source of heading or term | lemb |
| Topical term or geographic name as entry element | Opera |
| 650 #7 - SUBJECT ADDED ENTRY--TOPICAL TERM | |
| Source of heading or term | lemb |
| Topical term or geographic name as entry element | Música |
| General subdivision | Anécdota, sátira |
| 700 1# - ADDED ENTRY--PERSONAL NAME | |
| Personal name | Ffolkes, Michael, |
| Relator term | Ilustrador |
| 700 1# - ADDED ENTRY--PERSONAL NAME | |
| Personal name | Ustiniv, Peter, |
| Relator term | Introducción |
| 942 ## - ADDED ENTRY ELEMENTS (KOHA) | |
| Source of classification or shelving scheme | Biblioteca del Cogreso de los Estados Unidos |
| Koha item type | Libro |
| Estado de pérdida | Fuente de clasificación | Estado del daño | No para préstamo | Ubicación permanente | Ubicación actual | Apartado o colección | Fecha de adquisición | Edición | Área del conocimiento | Clasificación | Código de Barras | Date last seen | Número de copia | Tipo de recurso |
|---|---|---|---|---|---|---|---|---|---|---|---|---|---|---|
| Biblioteca del Cogreso de los Estados Unidos | Biblioteca de la Facultad de Bellas Artes | Biblioteca de la Facultad de Bellas Artes | General | 05/06/2018 | 1a ed. | Educación y Humanidades | ML1700 V53 1979 | BBA000002279 | 05/06/2018 | C : 1 | Libro |